00738cam a2200169 a 4500020002400000082002400024245011400048260009500162300003500257500002000292526003700312650005400349700003300403942001200436999001900448952010100467 a0801825849 (pbk.) :00a328.1091724bKALcD00aAppropriate sanitation alternatives :ba technical and economic appraisalcJohn M. Kalbermatten ... [et al.]. aBaltimore :bPublished for the World Bank [by] the Johns Hopkins University Press,cc1982. axiii, 160 p. :bill. ;c28 cm. aIncludes index. a0b0c0d328_109172400000000_KAL 0aSanitary engineeringzDeveloping countries.961401 aKalbermatten, John M.937845 2ddccBK c548051d548051 00102ddc4070aMCEbMCEd2014-08-19l0o328.1091724 KALpMCE-43170r2014-08-19w2014-08-19yBK